| 000 | 00510nam a2200169Ia 4500 | ||
|---|---|---|---|
| 008 | 090201s9999 xx 000 0 und d | ||
| 010 | _aKPL-57977 | ||
| 040 | _bमराठी | ||
| 041 | _aमराठी | ||
| 082 |
_a50471 _b57977 |
||
| 100 | _aअंनत तिबिले | ||
| 245 |
_aशर्थ _cअंनत तिबिले |
||
| 260 |
_c2006 _bयुनिटी प्रकाशन प्रा. लि. |
||
| 300 |
_a175 _bमोठा |
||
| 600 | _aशर्थ | ||
| 942 | _cBOOK | ||
| 999 |
_c247008 _d247008 |
||